Gaming Quiz

Random Gaming or Logo Quiz

N64 Ransom Note Quiz Stats

 Plays Quiz Updated Oct 25, 2014

Also try: Risk Territories
Challenge
Share
Tweet
Score 0/25 Timer 10:00
0 Plays Today
% Correct
Doom 64
70%
Banjo-Kazooie
58.7%
Yoshi's Story
54.9%
Diddy Kong Racing
49.7%
Mario Party
48.6%
Super Smash Bros.
47.7%
The Legend of Zelda: Ocarina of Time
43.9%
Conker's Bad Fur Day
42.4%
Perfect Dark
41.3%
Goldeneye 007
37.9%
Star Fox 64
35.2%
Pokémon Snap
34.8%
Mario Kart 64
34.1%
% Correct
Super Mario 64
31.6%
Paper Mario
29.4%
Harvest Moon 64
28%
Jet Force Gemini
22.3%
Kirby 64: The Crystal Shards
18.4%
Pilotwings 64
17.9%
Bomberman 64
17.6%
Castlevania
16.5%
Mission: Impossible
12.2%
Star Wars: Rogue Squadron
8.5%
Pokémon Puzzle League
6.5%
Hybrid Heaven
3.3%

You're not logged in!

Compare scores with friends on all Sporcle quizzes.
Join for Free
OR
Log In

You Might Also Like...

Show Comments

Extras

Top Quizzes Today


Score Distribution

Your Account Isn't Verified!

In order to create a playlist on Sporcle, you need to verify the email address you used during registration. Go to your Sporcle Settings to finish the process.

Report this User

Report this user for behavior that violates our Community Guidelines.

Details: